Engineering Mathematics IV ( Mechanical Engineering) (Record no. 36041)
[ view plain ]
| 000 -LEADER | |
|---|---|
| fixed length control field | 00428nam a22001577a 4500 |
| 008 - FIXED-LENGTH DATA ELEMENTS--GENERAL INFORMATION | |
| fixed length control field | 240206b |||||||| |||| 00| 0 eng d |
| 100 ## - MAIN ENTRY--PERSONAL NAME | |
| Personal name | G.V.Kumbhojkar |
| 245 ## - TITLE STATEMENT | |
| Title | Engineering Mathematics IV ( Mechanical Engineering) |
| 250 ## - EDITION | |
| Edition | 2 |
| 260 ## - PUBLICATION, DISTRIBUTION, ETC. (IMPRINT) | |
| Name of publisher, distributor, etc | P.Jamnadas |
| Date of publication, distribution, etc | 2021 |
| 365 ## - TRADE PRICE | |
| Unit of pricing | 580.00 |
| 650 ## - SUBJECT | |
| Subject | Mathematics |
| 942 ## - ADDED ENTRY ELEMENTS (KOHA) | |
| Koha item type | BOOK |
| 100 ## - MAIN ENTRY--PERSONAL NAME | |
| -- | 118 |
| 650 ## - SUBJECT | |
| -- | 119 |
| Withdrawn status | Lost status | Source of classification or shelving scheme | Damaged status | Koha normalized classification for sorting | Not for loan | Koha collection | Location (home branch) | Sublocation or collection (holding branch) | Date acquired | Cost, normal purchase price | Koha issues (times borrowed) | Koha renewals | Piece designation (barcode) | Koha date last seen | Koha date last borrowed | Cost, replacement price | Price effective from | Koha item type |
|---|---|---|---|---|---|---|---|---|---|---|---|---|---|---|---|---|---|---|
| Dewey Decimal Classification | 510_000000000000000_KUM | CRC | Fr. Agnel's C.Rodrigues College of Engineering | Fr. Agnel's C.Rodrigues College of Engineering | 06/02/2024 | 580.00 | 6 | 1 | 26343 | 13/05/2026 | 13/04/2026 | 580.00 | 06/02/2024 | BOOK | ||||
| Dewey Decimal Classification | 510_000000000000000_KUM | CRC | Fr. Agnel's C.Rodrigues College of Engineering | Fr. Agnel's C.Rodrigues College of Engineering | 06/02/2024 | 580.00 | 1 | 26344 | 21/05/2024 | 12/02/2024 | 580.00 | 06/02/2024 | BOOK | |||||
| Dewey Decimal Classification | 510_000000000000000_KUM | CRC | Fr. Agnel's C.Rodrigues College of Engineering | Fr. Agnel's C.Rodrigues College of Engineering | 06/02/2024 | 580.00 | 1 | 1 | 26345 | 14/05/2024 | 13/02/2024 | 580.00 | 06/02/2024 | BOOK | ||||
| Dewey Decimal Classification | 510_000000000000000_KUM | CRC | Fr. Agnel's C.Rodrigues College of Engineering | Fr. Agnel's C.Rodrigues College of Engineering | 06/02/2024 | 580.00 | 2 | 1 | 26347 | 13/05/2026 | 13/04/2026 | 580.00 | 06/02/2024 | BOOK | ||||
| Dewey Decimal Classification | 510_000000000000000_KUM | CRC | Fr. Agnel's C.Rodrigues College of Engineering | Fr. Agnel's C.Rodrigues- College of Engineering | 06/02/2024 | 580.00 | 2 | 1 | 26346 | 25/11/2024 | 21/10/2024 | 580.00 | 06/02/2024 | BOOK |